<?xml version="1.0" encoding="UTF-8"?>
<marc:record xmlns:marc="http://www.loc.gov/MARC21/slim">
   <marc:leader>00000nam a2200000 a 4500</marc:leader>
   <marc:datafield ind1="1" ind2=" " tag="100">
      <marc:subfield code="a">Glaesener, Helga</marc:subfield>
      <marc:subfield code="4">aut</marc:subfield>
      <marc:subfield code="e">Verfasser/-in</marc:subfield>
   </marc:datafield>
   <marc:datafield ind1="0" ind2="0" tag="245">
      <marc:subfield code="a">Die Postmeisterin</marc:subfield>
   </marc:datafield>
   <marc:datafield ind1="0" ind2="0" tag="245">
      <marc:subfield code="b">historischer Roman</marc:subfield>
   </marc:datafield>
   <marc:datafield ind1="0" ind2="0" tag="245">
      <marc:subfield code="c">Helga Glaesener</marc:subfield>
   </marc:datafield>
   <marc:datafield ind1=" " ind2="1" tag="264">
      <marc:subfield code="a">Berlin</marc:subfield>
      <marc:subfield code="b">List</marc:subfield>
      <marc:subfield code="c">2016</marc:subfield>
   </marc:datafield>
   <marc:datafield ind1="1" ind2=" " tag="520">
      <marc:subfield code="a">Die junge Adlige Aliz lebt als Kammerfrau bei der Herzogin von Jülich. Als diese brutal ermordet wird, flieht sie mit Moritz, dem illegitimen Sohn ihrer Herrin, nach Wöllenstein, ein Dorf in der Nähe von Mainz. Liebevoll kümmert sie sich um den Jungen. Um zu überleben, baut sie einen illegalen Postdienst auf. Das ist riskant, denn die Familie von Taxis besitzt das kaiserliche Monopol auf die Postbeförderung. Und tatsächlich wird Moritz, mittlerweile zum jungen Mann herangewachsen, von den Häschern der Taxis verhaftet. Doch auch die Vergangenheit verfolgt Aliz. Als die Mörder der Herzogin von einem rechtmäßigen Erben erfahren, werden Aliz und Moritz zu Schachfiguren in einem perfiden Spiel.</marc:subfield>
   </marc:datafield>
   <marc:datafield ind1=" " ind2=" " tag="020">
      <marc:subfield code="a">9783471351321</marc:subfield>
      <marc:subfield code="9">9783471351321</marc:subfield>
   </marc:datafield>
   <marc:datafield ind1=" " ind2=" " tag="020">
      <marc:subfield code="a">3471351329</marc:subfield>
      <marc:subfield code="9">3471351329</marc:subfield>
   </marc:datafield>
   <marc:datafield ind1=" " ind2=" " tag="300">
      <marc:subfield code="a">382 S.</marc:subfield>
   </marc:datafield>
</marc:record>
